Challenge : 100 Pokémon à deviner ! #3 - Statistiques

Statistiques générales
  • Ce quiz a été pris 24 fois
    12 depuis la dernière actualisation
  • Le résultat moyen est 43 sur 100
Statistiques - réponses
Génération Type(s) Nombre de lettres 1ère-dernière lettre Pokémon à trouver % Correct
1G Eau 9 lettres P-Y Poissoroy
86%
7G Spectre / Sol 11 lettres T-E Trépassable
86%
1G Electrik 8 lettres V-E Voltorbe
86%
1G Eau / Glace 9 lettres L-E Lamantine
71%
3G Normal 6 lettres L-N Linéon
71%
4G Electrik 6 lettres L-Y Luxray
71%
7G Spectre / Fée 7 lettres M-I Mimiqui
71%
1G Normal 7 lettres P-N Persian
71%
2G Normal 8 lettres U-G Ursaring
71%
6G Roche / Glace 7 lettres A-A Amagara
57%
1G Insecte 10 lettres C-R Chrysacier
57%
2G Insecte / Acier 7 lettres C-X Cizayox
57%
4G Psy 9 lettres C-A Cresselia
57%
6G Feu / Normal 10 lettres H-U Hélionceau
57%
5G Combat 8 lettres J-K Judokrak
57%
4G Electrik 5 lettres L-O Luxio
57%
7G Acier 8 lettres M-L Melmetal
57%
1G Insecte / Poison 8 lettres M-S Mimitoss
57%
2G Normal 6 lettres/1 chiffre P-2 Porygon2
57%
5G Insecte / Feu 9 lettres P-E Pyronille
57%
1G Sol / Roche 10 lettres R-S Rhinoféros
57%
3G Eau 7 lettres S-G Serpang
57%
3G Glace 9 lettres S-N Stalgamin
57%
5G Insecte / Electrik 8 lettres S-K Statitik
57%
7G Poison / Feu 6 lettres T-X Tritox
57%
5G Ténèbres 5 lettres Z-A Zorua
57%
1G Eau 8 lettres A-K Akwakwak
43%
7G Plante / Spectre 8 lettres A-C Archéduc
43%
2G Normal 10 lettres C-E Cerfrousse
43%
4G Plante 7 lettres C-U Ceribou
43%
3G Feu / Sol 9 lettres C-T Chamallot
43%
5G Eau 8 lettres C-L Clamiral
43%
4G Poison / Combat 6 lettres C-X Coatox
43%
1G Eau / Glace 9 lettres C-I Crustabri
43%
4G Normal / Vol 8 lettres E-L Etourvol
43%
6G Fée 7 lettres F-E Flabébé
43%
6G Electrik / Normal 8 lettres G-N Galvaran
43%
6G Roche / Eau 10 lettres G-E Golgopathe
43%
2G Plante 8 lettres J-R Joliflor
43%
5G Eau / Combat 6 lettres K-O Keldeo
43%
1G Combat 7 lettres K-E Kicklee
43%
3G Sol 8 lettres K-X Kraknoix
43%
5G Combat 10 lettres K-E Kungfouine
43%
3G Roche / Plante 5 lettres L-A Lilia
43%
4G Electrik / Acier 9 lettres M-E Magnézone
43%
2G Psy 7 lettres M-I Mentali
43%
4G Eau 10 lettres M-E Mustébouée
43%
2G Ténèbres 7 lettres N-I Noctali
43%
1G Insecte / Plante 8 lettres P-T Parasect
43%
2G Electrik 7 lettres P-P Pharamp
43%
7G Poison / Eau 11 lettres P-E Prédastérie
43%
6G Roche / Dragon 10 lettres P-R Ptyranidur
43%
3G Roche 8 lettres R-K Regirock
43%
2G Eau 8 lettres R-D Rémoraid
43%
1G Feu 9 lettres S-E Salamèche
43%
8G Combat / Ténèbres ou Eau 8 lettres S-S Shifours
43%
4G Feu / Combat 9 lettres S-Z Simiabraz
43%
1G Spectre / Poison 8 lettres S-M Spectrum
43%
7G Plante / Fée 7 lettres S-O Spododo
43%
3G Roche 7 lettres T-R Tarinor
43%
2G Fée (Normal avant 6G) 6 lettres T-I Togépi
43%
6G Acier / Fée 10 lettres T-N Trousselin
43%
3G Normal 8 lettres V-H Vigoroth
43%
8G Electrik 8 lettres W-K Wattapik
43%
2G Psy / Vol 4 lettres X-U Xatu
43%
6G Ténèbres / Vol 7 lettres Y-L Yveltal
43%
4G Normal (sauf formes) 6 lettres A-S Arceus
29%
7G Electrik 9 lettres C-E Câblifère
29%
5G Ténèbres 9 lettres C-N Chacripan
29%
8G Psy 8 lettres C-S Chapotus
29%
3G Normal 8 lettres C-R Chuchmur
29%
7G Psy 8 lettres C-M Cosmovum
29%
3G Normal 8 lettres D-Y Delcatty
29%
4G Roche / Acier 9 lettres D-R Dinoclier
29%
8G Dragon / Spectre 11 lettres D-L Dispareptil
29%
4G Eau 6 lettres E-N Ecayon
29%
5G Feu 9 lettres F-N Flamoutan
29%
8G Ténèbres / Fée 9 lettres F-N Fourbelin
29%
5G Electrik / Vol 8 lettres F-S Fulguris
29%
4G Normal 8 lettres G-X Goinfrex
29%
6G Glace 8 lettres G-N Grelaçon
29%
8G Feu / Insecte 12 lettres G-S Grillepattes
29%
7G Fée 10 lettres G-E Guérilande
29%
8G Combat 8 lettres H-N Hexadron
29%
7G Plante / Acier 8 lettres K-I Katagami
29%
8G Combat 6 lettres K-S Krakos
29%
5G Electrik 9 lettres L-E Lampéroie
29%
4G Normal 10 lettres L-E Laporeille
29%
3G Normal (sauf formes) 7 lettres M-O Morphéo
29%
5G Electrik 10 lettres O-E Ohmassacre
29%
5G Combat 9 lettres O-R Ouvrifier
29%
4G Normal / Vol 6 lettres P-O Pijako
29%
4G Poison / Insecte 6 lettres R-N Rapion
29%
8G Dragon 9 lettres R-O Regidrago
29%
8G Psy / Plante 8 lettres S-Y Sylveroy
29%
8G Spectre 8 lettres T-I Théffroi
29%
8G Eau / Roche 9 lettres T-D Torgamord
29%
3G Normal / Vol 6 lettres T-N Tylton
29%
7G Eau 11 lettres C-E Concombaffe
14%
5G Eau 8 lettres T-E Tritonde
14%
Aucun quiz correspondant
Distribution des résultats
% des personnes avec chaque résultat
Percentile par nombre de réponses
Votre historique - résultats
Vous n’avez pas pris ce quiz depuis la dernière actualisation